| 000 | 00494nam a2200181Ia 4500 | ||
|---|---|---|---|
| 003 | OSt | ||
| 005 | 20170518092223.0 | ||
| 008 | 151015s9999 xx 000 0 und d | ||
| 020 | _a9780750686815 | ||
| 040 | _cMMU | ||
| 050 | _aHD 30.35 .S54 2008 | ||
| 100 | _aSparkes,Darren | ||
| 245 | _a_Organisational Management and Information Systems(4th ed) | ||
| 260 | _aOxford CIMA 2008 | ||
| 650 | _a_Operation Management | ||
| 700 | _a^d20110217 09:42:06^okilerai | ||
| 942 |
_2lcc _cLOAN LOAN |
||
| 999 |
_c1359 _d1359 |
||